000 00346nam a22001457a 4500
008 230831b ||||| |||| 00| 0 eng d
020 _a9781579997885
041 _aeng
080 _2VOLUME 1
_a781
082 _a781BLO
100 _a23
101 _aMUZIK
245 _aTEACHING MUSIC THROUGH PERFORMANCE IN BAND
_cBLOCHER.L
942 _2udc
_cBK
999 _c60226
_d60226